Gaming Quiz

Random Gaming or Grab Bag Quiz
Score 0/71 Timer 07:00
38 Plays Today
Clue % Correct
Starting PokémonCharmander
97.4%
Starting PokémonPikachu
97.4%
Pokémon in Power PlantPikachu/Raichu
97.3%
Pokémon in Viridian ForestPikachu
97.2%
Starting PokémonSquirtle
96.7%
Starting PokémonBulbasaur
96.5%
Legendary BirdsZapdos
88.1%
Legendary BirdsArticuno
87.8%
Legendary BirdsMoltres
86.8%
HMsSurf
85.9%
Ice Type PokémonArticuno
85.3%
Eevee EvolutionsFlareon
84.8%
HMsCut
84.7%
Eevee EvolutionsVaporeon
84.3%
Eevee EvolutionsJolteon
84.2%
HMsFly
83.3%
GymsBoulder Badge
80.5%
Evolves with a MoonstoneClefairy to Clefable
79.5%
GymsCascade Badge
78.2%
Pokémon in Viridian ForestCaterpie/Metapod
78%
Pokémon in Mount MoonClefairy
77.6%
Default Hero NamesBlue/Red/Yellow
77.3%
HMsStrength
77.3%
Pokémon in Viridian ForestWeedle/Kakuna
77.1%
Default Hero NamesAsh
77.1%
HMsFlash
74.9%
Pokémon in Power PlantVoltorb/Electrode
70.6%
Evolves with a MoonstoneJigglypuff to Wigglytuff
69.2%
Pokémon in Mount MoonZubat
67.7%
Evolves by TradingKadabra to Alakazam
65.5%
Evolves by TradingMachoke to Machamp
65.1%
GymsEarth Badge
64.2%
Pokémon in Mount MoonGeodude
64.2%
Evolves by TradingHaunter to Gengar
63.7%
Evolves by TradingGraveler to Golem
63%
Default Hero NamesGary
61.2%
Clue % Correct
Pokémon in Power PlantMagnemite/Magneton
60.9%
Ice Type PokémonJynx
60.6%
GymsThunder Badge
60.5%
Ice Type PokémonDewgong
58%
Pokémon in Viridian ForestPidgey/Pidgeotto
58%
Evolves with a MoonstoneNidorino to Nidoking
57.7%
Pokémon in Red (but not Blue)Electabuzz
57.6%
Pokémon in Power PlantElectabuzz
57.6%
GymsRainbow Badge
57.3%
Evolves with a MoonstoneNidorina to Nidoqueen
57.2%
Elite FourLance
55.5%
GymsMarsh Badge
55.4%
GymsVolcano Badge
54.1%
Ice Type PokémonLapras
50.5%
Elite FourBruno
49%
Pokémon in Red (but not Blue)Growlithe/Arcanine
48.8%
GymsSoul Badge
48.7%
Elite FourAgatha
47.1%
Pokémon in Blue (but not Red)Magmar
47%
Pokémon in Blue (but not Red)Vulpix/Ninetales
46.2%
Ice Type PokémonCloyster
43.1%
Pokémon in Mount MoonParas
42.9%
Pokémon in Red (but not Blue)Oddish/Gloom/Vileplume
40.2%
Pokémon in Blue (but not Red)Bellsprout/Weepinbell/Victreebel
38.8%
Pokémon in Red (but not Blue)Scyther
36.5%
Elite FourLorelei
35.8%
Pokémon in Red (but not Blue)Ekans/Arbok
35.3%
Pokémon in Blue (but not Red)Sandshrew/Sandslash
34.7%
Pokémon in Blue (but not Red)Pinsir
32.5%
Pokémon in Mount MoonSandshrew
32.4%
Pokémon in Blue (but not Red)Meowth/Persian
27.8%
Pokémon in Power PlantGrimer/Muk
26.1%
Pokémon in Red (but not Blue)Mankey/Primeape
23.7%
Default Hero NamesJohn
22.2%
Default Hero NamesJack
15.1%

You're not logged in!

Compare scores with friends on all Sporcle quizzes.
OR
Log In

Sporcle TV

Today on Sporcle TV


Watch our educational content, quiz creation guides, and fun videos on Sporcle TV.

Show Comments

Extras

Top Quizzes Today


Score Distribution

Paid Content

Your Account Isn't Verified!

In order to create a playlist on Sporcle, you need to verify the email address you used during registration. Go to your Sporcle Settings to finish the process.

Report this User

Report this user for behavior that violates our Community Guidelines.

Details: